<?xml version="1.0" encoding="UTF-8"?>
<record
    xmlns:xsi="http://www.w3.org/2001/XMLSchema-instance"
    xsi:schemaLocation="http://www.loc.gov/MARC21/slim http://www.loc.gov/standards/marcxml/schema/MARC21slim.xsd"
    xmlns="http://www.loc.gov/MARC21/slim">

  <leader>05311nam a2200361 a 4500</leader>
  <controlfield tag="003">CHAP</controlfield>
  <controlfield tag="005">20250707172804.0</controlfield>
  <controlfield tag="007">ta</controlfield>
  <controlfield tag="008">250112s2023    mx ado|fom||| 001 0 spa d</controlfield>
  <datafield tag="040" ind1=" " ind2=" ">
    <subfield code="e">rda</subfield>
  </datafield>
  <datafield tag="041" ind1=" " ind2=" ">
    <subfield code="a">spa</subfield>
    <subfield code="b">eng</subfield>
  </datafield>
  <datafield tag="100" ind1="1" ind2=" ">
    <subfield code="a">Ortiz Trapala, Karla</subfield>
    <subfield code="9">189832</subfield>
  </datafield>
  <datafield tag="240" ind1="1" ind2="0">
    <subfield code="a">Metagenomic and peptidomic characterization of milk fermented whith kefir grains. </subfield>
    <subfield code="l">Espa&#xF1;ol</subfield>
  </datafield>
  <datafield tag="245" ind1="1" ind2="0">
    <subfield code="a">Caracterizaci&#xF3;n metagen&#xF3;mica y peptid&#xF3;mica de leche fermentada con granos de kefir /</subfield>
    <subfield code="c">Karla Ortiz Trapala</subfield>
  </datafield>
  <datafield tag="264" ind1=" " ind2=" ">
    <subfield code="a">Chapingo, M&#xE9;xico :</subfield>
    <subfield code="b">El autor,</subfield>
    <subfield code="c">2023</subfield>
  </datafield>
  <datafield tag="300" ind1=" " ind2=" ">
    <subfield code="a">1 recurso en l&#xED;nea (xiv, 85 p&#xE1;ginas) :</subfield>
    <subfield code="b">ilustraciones, tablas, gr&#xE1;ficas, fotograf&#xED;as</subfield>
  </datafield>
  <datafield tag="336" ind1=" " ind2=" ">
    <subfield code="2">rdacontent</subfield>
    <subfield code="a">texto</subfield>
    <subfield code="b">txt</subfield>
  </datafield>
  <datafield tag="337" ind1=" " ind2=" ">
    <subfield code="2">rdamedia</subfield>
    <subfield code="a">computadora</subfield>
    <subfield code="b">c</subfield>
  </datafield>
  <datafield tag="338" ind1=" " ind2=" ">
    <subfield code="2">rdacarrier</subfield>
    <subfield code="a">recurso en l&#xED;nea</subfield>
    <subfield code="b">cr</subfield>
  </datafield>
  <datafield tag="502" ind1=" " ind2=" ">
    <subfield code="a">Tesis</subfield>
    <subfield code="b">MCTA</subfield>
    <subfield code="c">Agroindustrias</subfield>
    <subfield code="d">2023</subfield>
    <subfield code="g">MAE</subfield>
  </datafield>
  <datafield tag="504" ind1=" " ind2=" ">
    <subfield code="a">Incluye bibliogr&#xE1;f&#xED;as</subfield>
  </datafield>
  <datafield tag="520" ind1="3" ind2=" ">
    <subfield code="a">Las leches fermentadas (LFs) forman parte del grupo de alimentos funcionales  ya que contienen microorganismos con potencial probi&#xF3;tico. El k&#xE9;fir es una  antigua bebida l&#xE1;ctea a la cual se le atribuyen beneficios al ser consumido, v.g la  reducci&#xF3;n de s&#xED;ntomas asociados a la intolerancia de la lactosa y estimulaci&#xF3;n  del sistema inmunol&#xF3;gico. Se caracterizaron fisicoqu&#xED;micamente, metagen&#xF3;mica  y peptid&#xF3;micamente cuatro leches fermentadas (LFA, LFB, LFC y LFD) con  granos de k&#xE9;fir. Los par&#xE1;metros de acidez variaron de 3.76 a 3.82 %. Despu&#xE9;s  de la fermentaci&#xF3;n (48 h), las BAL estuvieron presentes de 7.25 y 11.13 log10  UFC &#xB7; mL-1 y las levaduras de 6.05 y 7.93 log10 UFC &#xB7; mL-1. As&#xED; mismo, se  estudi&#xF3; la microbiota de LFA y LFD mediante la t&#xE9;cnica de secuenciaci&#xF3;n  metagen&#xF3;mica shotgun, la cual revel&#xF3; 77 g&#xE9;neros de microorganismos, donde  los m&#xE1;s representativos fueron Acetobacter (73.8 %), Lactobacillus (19.6 %),  Lentilactobacillus (3.9 %), Lactococcus (0.76 %), de igual manera las especies  con mayor abundancia fueron Lactobacillus kefiranofaciens, Acetobacter  orientalis, Lactobacillus helv&#xE9;ticus, Staphylococcus aureus, Acetobacter syzygii,  Acetobacter okinawensis, Lentilactobacillus kefiri y Lactococcus lactis. El perfil  pept&#xED;dico utilizando la t&#xE9;cnica de cromatograf&#xED;a l&#xED;quida acoplada a espectrometr&#xED;a  de masas (LC-MS/MS) mostr&#xF3; la presencia de 3691 p&#xE9;ptidos. Las principales  actividades biol&#xF3;gicas, determinadas in silico, fueron antinflamatoria, inhibidora  de ACE, antibacterial, inhibidor de DPP &#x2013; III y DPP &#x2013; IV, antitromb&#xF3;tico, anticancer&#xED;geno y antioxidante. Igualmente se evalu&#xF3; la actividad antioxidante in  vitro con los ensayos ABTS y DPPH; LFB demostr&#xF3; mayor porcentaje de  actividad inhibidora de radicales libres (55.45 %). Los resultados obtenidos  demuestran que, a las 48 de fermentaci&#xF3;n, los microorganismos presentes en la  leche fermentadas liberan p&#xE9;ptidos con actividad biol&#xF3;gica. --</subfield>
  </datafield>
  <datafield tag="520" ind1="3" ind2=" ">
    <subfield code="a">Fermented milks (LFs) are part of the group of functional foods since they contain  microorganisms with probiotic potential. Kefir is an ancient dairy drink to which benefits  are attributed when consumed, e.g. the reduction of symptoms associated with lactose  ntolerance and stimulation of the immune system. Four fermented milks (LFA, LFB, LFC  and LFD) with kefir grains were characterized physiochemically, metagenomically and  peptidomically. The acidity parameters varied from 3.76 to 3.82%. After fermentation (48  h), the BAL were present of 7.25 and 11.13 log10 CFU &#xB7;mL-1 and the yeasts of 6.05 and  7.93 log10 CFU &#xB7; mL-1. Likewise, the microbiota of LFA and LFD was studied using the  shotgun metagenomic sequencing technique, which revealed 77 genera of  microorganisms, where the most representative were Acetobacter (73.8%), Lactobacillus  (19.6%), Lentilactobacillus (3.9%), Lactococcus (0.76%), likewise the species with the  highest abundance were Lactobacillus kefiranofaciens, Acetobacter orientalis,  Lactobacillus helveticus, Staphylococcus aureus, Acetobacter syzygii, Acetobacter  okinawensis, Lentilactobacillus kefiri and Lactococcus lactis. The peptide profile by the  liquid chromatography coupled to mass spectrometry (LC-MS/MS) technique showed the  presence of 3691 peptides. The main biological activities, determined in silico, were antiinflammatory, ACE inhibitor, antibacterial, DPP&#x2013;III and DPP&#x2013;IV inhibitor, antithrombotic,  anticancer and antioxidant). The antioxidant activity was also evaluated in vitro with the ABTS and DPPH tests; LFB showed a higher percentage of free radical inhibitory activity  (55.45%). The results obtained show that, at 48 of fermentation, the microorganisms  present in fermented milk release peptides with biological activity.</subfield>
  </datafield>
  <datafield tag="650" ind1="1" ind2="3">
    <subfield code="a">Leche fermentada  </subfield>
    <subfield code="2">atg</subfield>
    <subfield code="9">149764</subfield>
    <subfield code="x">Evaluaci&#xF3;n sensorial de los alimentos</subfield>
  </datafield>
  <datafield tag="650" ind1="1" ind2="3">
    <subfield code="a">Kefir</subfield>
    <subfield code="2">atg</subfield>
    <subfield code="9">62897</subfield>
    <subfield code="x">Evaluaci&#xF3;n sensorial de los alimentos</subfield>
  </datafield>
  <datafield tag="650" ind1="1" ind2="3">
    <subfield code="a">Fermented milk  </subfield>
    <subfield code="2">atg</subfield>
    <subfield code="9">149762</subfield>
    <subfield code="x">Sensory evaluation</subfield>
  </datafield>
  <datafield tag="650" ind1="1" ind2="3">
    <subfield code="a">Kefir</subfield>
    <subfield code="2">atg</subfield>
    <subfield code="9">62897</subfield>
    <subfield code="x">Sensory evaluation</subfield>
  </datafield>
  <datafield tag="700" ind1="1" ind2=" ">
    <subfield code="a">Lobato Calleros, Consuelo Silvia Olivia</subfield>
    <subfield code="9">151494</subfield>
    <subfield code="e">directora</subfield>
  </datafield>
  <datafield tag="700" ind1="1" ind2=" ">
    <subfield code="a">Hern&#xE1;ndez Rodr&#xED;guez, Landy</subfield>
    <subfield code="9">54548</subfield>
    <subfield code="e">asesora</subfield>
  </datafield>
  <datafield tag="700" ind1="1" ind2=" ">
    <subfield code="a">Aguirre Mandujano, Eleazar</subfield>
    <subfield code="9">3008</subfield>
    <subfield code="e">asesor</subfield>
  </datafield>
  <datafield tag="856" ind1="4" ind2="0">
    <subfield code="y">DESCARGAR PDF</subfield>
    <subfield code="u">http://10.13.5.2/tesis/tm/ORTIZ_TRAPALA_KARLA.pdf</subfield>
  </datafield>
  <datafield tag="942" ind1=" " ind2=" ">
    <subfield code="2">Clasificaci&#xF3;n Universidad Aut&#xF3;noma Chapingo</subfield>
    <subfield code="c">TD</subfield>
  </datafield>
  <datafield tag="999" ind1=" " ind2=" ">
    <subfield code="c">220331</subfield>
    <subfield code="d">220331</subfield>
  </datafield>
  <datafield tag="952" ind1=" " ind2=" ">
    <subfield code="0">0</subfield>
    <subfield code="1">0</subfield>
    <subfield code="2">local</subfield>
    <subfield code="4">0</subfield>
    <subfield code="7">0</subfield>
    <subfield code="8">TesDigM</subfield>
    <subfield code="a">IA_</subfield>
    <subfield code="b">IA_</subfield>
    <subfield code="c">E_L</subfield>
    <subfield code="d">2025-01-20</subfield>
    <subfield code="e">El autor</subfield>
    <subfield code="l">0</subfield>
    <subfield code="p">1201015146</subfield>
    <subfield code="r">2025-01-20 12:04:15</subfield>
    <subfield code="w">2025-01-20</subfield>
    <subfield code="y">TD</subfield>
  </datafield>
</record>
